O príncipe fantasma (Record no. 182077)

MARC details
000 -LÍDER
campo de controle de tamanho fixo 00364 a2200169 4500
001 - NÚMERO DE CONTROLE
campo de controle 182077
020 ## - ISBN - INTERNATIONAL STANDARD BOOK NUMBER
ISBN - International Standard Book Number 85-357-0322-5
040 ## - FONTE DA CATALOGAÇÃO
Instituição que transcreveu o registro Magnum
100 ## - ENTRADA PRINCIPAL--NOME PESSOAL
Nome pessoal Noronha, Teresa
240 10 - TÍTULO UNIFORME
Título uniforme O príncipe fantasma
Idioma da obra por
245 10 - TÍTULO
Título O príncipe fantasma
300 ## - DESCRIÇÃO FÍSICA
Extensão 88
362 0# - DATAS DE PUBLICAÇÃO E/OU DESIGNAÇÃO SEQUENCIAL
Datas de publicação e/ou designação sequencial 2003
440 #1 - DECLARAÇÃO DE SÉRIE/ENTRADA ADICIONADA--TÍTULO
Título Atual Editora
697 ## - ENTRADA DE ASSUNTO LOCAL--ENTIDADE COLETIVA (RLIN)
Nome corporativo ou nome da jurisdição LITERATURA JUVENIL
942 ## - ELEMENTOS DE ENTRADA ADICIONADOS (KOHA)
Tipo de material Koha Livros
Holdings
Situação do descarte Situação das perdas Situação física Não pode ser emprestado Biblioteca de origem Biblioteca atual Data de aquisição Total de empréstimos Número de chamada completo Código de barras Data de último acesso Data do preço efetivo Tipo de material Koha
        Magnum Magnum 08/06/2024   869.3.4 MAG00032100 08/06/2024 08/06/2024 Livros
        Magnum Magnum 08/06/2024   869.3.4 MAG00032101 08/06/2024 08/06/2024 Livros
        Magnum Magnum 08/06/2024   869.3.4 MAG00032102 08/06/2024 08/06/2024 Livros
        Magnum Magnum 08/06/2024   869.3.4 MAG00032103 08/06/2024 08/06/2024 Livros
        Magnum Magnum 08/06/2024   869.3.4 MAG00032104 08/06/2024 08/06/2024 Livros
        Magnum Magnum 08/06/2024   869.3.4 MAG00032105 08/06/2024 08/06/2024 Livros
        Magnum Magnum 08/06/2024   869.3.4 MAG00032106 08/06/2024 08/06/2024 Livros
        Magnum Magnum 08/06/2024   869.3.4 MAG00032107 08/06/2024 08/06/2024 Livros
        Magnum Magnum 08/06/2024   869.3.4 MAG00032111 08/06/2024 08/06/2024 Livros
        Magnum Magnum 08/06/2024   869.3.4 MAG00032112 08/06/2024 08/06/2024 Livros
        Magnum Magnum 08/06/2024   869.3.4 MAG00032113 08/06/2024 08/06/2024 Livros